000 00327nam a22001337a 4500
008 170411b xxu||||| |||| 00| 0 eng d
020 _a9780471599760
041 _aeng
080 _a612.39
100 _a9
101 _aSHM
245 _aNUTRITION FOR FOODSERVICE AND CULINARY PROFESSIONALS
_cDRUMMOND, K.E
942 _2udc
_cBK
999 _c10330
_d10330